000 00725nam a2200205 i 4500
001 146420
003 ES-MaACL
005 20251211063018.0
007 t|
008 070910s1918 fr ||||1| fre d
100 1 _aTrésic Pavicic, Ante,
_d1867-1949
_9111327
245 1 3 _aL'Autriche dénoncée à son propre parlement :
_bun discours au Parlement autrichien /
_c[Trésic-Pavicic].
260 _aParís :
_b[s.n.],
_c[1918] (
_fImp. des arts et des sports)
300 _a12 p. ;
_c23 cm.
594 _aTítulo tomado de la cub. y autor del texto.
650 4 _aYugoslavos-
_zAustria.
_9159460
651 4 _aAustria-
_xHistoria-
_y1867-1918.
_9158080
852 _aES-MaACL
_j1535-F-20
999 _c146420
_d146420